000 00663nam a2200241Ia 4500
999 _c7579
_d7579
003 0100
005 20171201153500.0
008 130303s9999 xx 000 0 und d
020 _a2825411906
040 _cARRUPELIB
050 _aGN496.T73 1997
100 _aTschuy, Theo
_98381
245 _aEthnic conflict and religion:
_bchallenge to the churches
260 _aGeneva
_bWCC Publications
_c1997
300 _axv
300 _b 160 p. 24 cm
650 _aReligions
_xRelations
_98382
650 _aReligious pluralism
_xChristianity
_98393
700 _aTheo Tschuy , World Council of Churches
_98383
942 _2lcc
_cMONOGRAPH
_02